000 01057nam a2200217Ia 4500
003 Ost
005 20260507075706.0
008 260507s9999||||xx |||||||||||||| ||und||
020 _a9789947600443
040 _cfsecg
041 _aara
082 _a332.11
100 _aالموسوي،ضياء مجيد
_eمؤلف
245 0 _aاستقلالية البنوك المركزية بين المفترض والواقع /
_cضياء مجيد الموسوي
260 _aالجزائر:
_bكنوز الحكمة,
_c2015
300 _a84 صفحة؛
_bإيضاحات ؛
_c24 سم
504 _aمراجع ص.80
520 _aالبنك المركزي و السياسات المالية و النقدية ، استقلالية البنك المركزي ، البنوك المركزية جزءا من المشكلة و أيضا جزءا من الحل ، سياسة أستهداف التخضم ، سعر الصرف و السياسة النقدية ، تمويل التجارة الخارجية.
653 _aالبنوك المركزية
942 _cكتاب
999 _c45871
_d45871